000
00276nam a22001337a 4500
008
181006b xxu||||| |||| 00| 0 eng d
020
_a
9780071779777
041
_a
eng
080
_a
531
100
_a
43
101
_a
FIZ
245
_a
Physics
_c
Beiser, A
942
_2
udc
_c
BK
999
_c
48935
_d
48935